| 000 | 01010nam a22002657a 4500 | ||
|---|---|---|---|
| 005 | 20240530110428.0 | ||
| 008 | 150328s2011 su d g b 000 0 ara d | ||
| 017 |
_a1429/5128 _bمصر . دار الكتب المصرية |
||
| 020 | _a3581549960978 | ||
| 040 | _aEG-CaGPL | ||
| 082 | 0 | 4 |
_221 _a613.26\ _bب ط |
| 100 | 1 |
_aبايك ، روب _qروب بايك |
|
| 245 | 1 | 0 |
_aطريقة الدكتور بايك الطبيعية للراحة التامة للمعدة / _cروب بايك ؛ نقله الى العربية سامر عبدالمحسن الايوبى |
| 250 | _aط1 | ||
| 260 |
_aالرياض : _bمكتبة العبيكان ، _c2011 |
||
| 300 |
_a374 ص : _bايض ؛ _c24 سم |
||
| 504 | _aببليوجرافية : ص 369 - 374 | ||
| 650 | 0 | 4 | _aالمعدة |
| 650 | 0 | 4 | _aالتغذية |
| 650 | 0 | 4 | _aالرجيم |
| 650 | 0 | 4 | _aالجهاز الهضمى |
| 700 | 0 |
_aعبدالمحسن الايوبى _eمترجم |
|
| 942 |
_2ddc _cBK |
||
| 999 |
_c60782 _d60782 |
||